| 000 | 00614nam a2200217 4500 | ||
|---|---|---|---|
| 999 |
_c13133 _d13133 |
||
| 020 | _a9780232521023 | ||
| 020 | _a9780385148030 | ||
| 020 | _a0385148038 | ||
| 050 | 0 | 0 | _aBV4011 |
| 082 | 0 | 0 | _a253 N9349w 1972 |
| 100 | 1 | _aNouwen, Henri J. M. | |
| 245 | 1 | 4 |
_aThe wounded healer; _bministry in contemporary society _cHenri J. M. Nouwen |
| 250 | _a[1st ed.] | ||
| 260 |
_aNew York _bImage Books Doubleday, _cc1972. |
||
| 300 |
_axvi, 100 p. _billus. _c22 cm. |
||
| 337 |
_aunmediated _bn |
||
| 504 | _aText complete and unabridged. | ||
| 526 |
_a200-299 _d248 |
||
| 650 | 0 | _aPastoral theology. | |
| 942 |
_2ddc _cBK |
||